000 01387nam a22003977a 4500
003 CHAP
005 20220817044314.0
008 091216s2008 mx a r 00010 spa d
010 _a97195
011 _a98167
020 _a9786077514015
035 _a108850
040 _cCHAP
082 0 4 _a305
_bC17
100 0 0 _aCarbonell, Miguel.
_918821
245 1 0 _aEstudio sobre la reforma a la ley federal para prevenir y eliminar la discriminación
_c/por Miguel Carbonell Sánchez y Eric Herrán Salvatti
246 3 _aGrupos en situación de vulnerabilidad y definición de acciones afirmativas
260 _aMéxico D.F. :
_bCONAPRED,
_c2008
300 _a113 P.
_bills
490 _aColección estudios
_v; 7
590 _aBATCH-UPD
_b10
_c20130110
_lUCH01
_h1100
590 _aBATCH-UPD
_b10
_c20130410
_lUCH01
_h0653
590 _aBATCH-UPD
_b10
_c20130914
_lUCH01
_h0842
590 _aCONVERSION
_b10
_c20130109
_lUCH01
_h1354
650 1 4 _aDerechos civiles.
_931913
650 1 4 _aDerechos humanos.
_931916
650 1 4 _aDerechos sociales.
_931929
650 1 4 _aDiscriminación.
_932713
650 1 4 _aMéxico
_xLeyes.
_976778
650 1 4 _aReformas constitucionales.
700 1 0 _aHerrán Salvatti, Eric.
_954997
830 0 _aColección estudios
_v; 7
_924852
901 _aBK
942 _cLIBRO
949 _a305 C17
_bBC
_cLIBRO
_d33724002129066
_eLIBRO
_gI.c/e
_h111545
_i108850
_si
999 _c97195
_d97195